Statistics for Biggest cities in landlocked EU countries

Click here to take the quiz!

General Stats

  • This quiz has been taken 29 times
  • The average score is 15 of 23

Answer Stats

PopulationCity% Correct
1.685.342Budapest
100%
1.982.097Wien
100%
1.301.432Praha
96%
298.479Graz
93%
476.922Bratislava
89%
132.780Lëtzebuerg
86%
156.619Salzburg
86%
398.510Brno
82%
210.118Linz
82%
131.358Innsbruck
79%
199.858Debrecen
75%
174.007Plzen
64%
226.212Košice
57%
104.332Klagenfurt
54%
282.450Ostrava
54%
106.063Olomouc
46%
127.599Győr
39%
139.330Pécs
39%
158.797Szeged
39%
104.340Liberec
36%
147.533Miskolc
32%
108.120Kecskemét
21%
116.282Nyíregyháza
18%

Score Distribution

Percentile by Number Answered

Percent of People with Each Score

Your Score History

You have not taken this quiz